Catálogo
 En Linea

Pura la cantaora : (Registro nro. 34586)

Detalles MARC
000 -CABECERA
campo de control de longitud fija 00643nam a2200169 a 4500
001 - NÚMERO DE CONTROL
campo de control 000035095
005 - FECHA Y HORA DE LA ÚLTIMA TRANSACCIÓN
campo de control 20200930074112.0
008 - DATOS DE LONGITUD FIJA--INFORMACIÓN GENERAL
campo de control de longitud fija 111025s1909 sp 000 0 spa d
040 ## - FUENTE DE LA CATALOGACIÓN
Centro catalogador/agencia de origen DO-SdBNP
Lengua de catalogación spa
Centro/agencia transcriptor BNPHU
082 ## - NÚMERO DE LA CLASIFICACIÓN DECIMAL DEWEY
Número de clasificación xxxx
Número de documento/Ítem M779p
100 1# - ENTRADA PRINCIPAL--NOMBRE DE PERSONA
Nombre de persona Monetesinos, Eduardo
9 (RLIN) 60760
245 10 - MENCIÓN DE TÍTULO
Título Pura la cantaora :
Resto del título sainete lírico en un acto, dividido en cinco cuadros, en versos y prosa, original /
Mención de responsabilidad, etc. Eduardo Monetesinos, Fernando Porset; música Pablo Luna.
260 ## - PUBLICACIÓN, DISTRIBUCIÓN, ETC.
Lugar de publicación, distribución, etc. Madrid :
Nombre del editor, distribuidor, etc. R. Velasco, impresor, Marqués de Santa Ana,
Fecha de publicación, distribución, etc. 1909.
300 ## - DESCRIPCIÓN FÍSICA
Extensión [47 p.] ;
Dimensiones 20 cm.
700 12 - PUNTO DE ACCESO ADICIONAL--NOMBRE DE PERSONA
Nombre de persona Porset, Fernando
9 (RLIN) 60761
700 12 - PUNTO DE ACCESO ADICIONAL--NOMBRE DE PERSONA
Nombre de persona Luna, Pablo,
Término indicativo de función/relación mús.
9 (RLIN) 60762
Existencias
Estado de retiro Estado de pérdida Restricciones de uso No para préstamo Código de colección Localización permanente Ubicación/localización actual Ubicación en estantería Fecha de adquisición Número de inventario Total de préstamos Signatura topográfica completa Código de barras Fecha visto por última vez Precio válido a partir de Tipo de ítem Koha
      Excluido de préstamo Monografías: Libros y Folletos General General En catalogación 25.10.2011 LF1   xxxx M779p 35095-10 25.06.2020 25.06.2020 No se presta

Con tecnología Koha